000
00322 a2200157 4500
001
68075
020
_a
9783126071321
040
_c
Anchieta - Pituba
100
_a
Fleer, Sarah
240
1
0
_a
Klasse! A2
_l
deu / ger
245
1
0
_a
Klasse! A2
300
_a
143
362
0
_a
2019
650
4
_a
Língua alemã
942
_c
BK
999
_c
68075
_d
68075